banner-ar

GLOBAL ELECTRONIC COMMERCE / (Record no. 5670)

MARC details
000 -الفاتح
حقل البيانات ثابتة الطول 00560nam a2200193Ia 4500
008 - عناصر البيانات ثابتة الطول - معلومات عامة
حقل البيانات ثابتة الطول 140319s9999 xx 000 0 eng d
020 ## - الرقم الدولى المعيارى للكتب
الرقم الدولى المعيارى للكتاب 0881322741
040 ## - مصدر الفهرسة
وكالة الفهرسة الأصلية GCL /
وكالة النسخ GCL
082 04 - رقم تصنيف ديوى العشرى
رقم التصنيف 382
رقم المادة M G
100 1# - المدخل الرئيسى - إسم شخصى
الإسم الشخصى MANN, CATHERINE L.
245 10 - بيان العنوان
العنوان GLOBAL ELECTRONIC COMMERCE /
بيان المسئوليه,etc MANN, CATHERINE L.
260 ## - PUBLICATION, DISTRIBUTION, ETC. (IMPRINT)
تاريخ النشر أو التوزيع 2000
300 ## - الوصف المادى
التعداد 20 CM ؛
أبعاد الوعاء 213 P
650 04 - المدخل الاضافى بالموضوع-مصطلح موضوعى
مصطلح موضوعي INTERNATIONAL TRADE
650 04 - المدخل الاضافى بالموضوع-مصطلح موضوعى
مصطلح موضوعي ELECTRONIC COMMERCE
650 04 - المدخل الاضافى بالموضوع-مصطلح موضوعى
مصطلح موضوعي FOREIGN TRADE AND EMPLOYMENT
942 ## - عناصر المدخل الإضافي( كوها)
مصدر التصنيف او مخطط الترفيف Dewey Decimal Classification
Koha [default] item type كتاب
260 ## - PUBLICATION, DISTRIBUTION, ETC. (IMPRINT)
-- نيويورك :
-- INSTITUTE FOR INTERNATIONAL ECONOMICS ،
Holdings
حالة التراجع حالة الفقد حالة تلف ليس للاعارة المكان المؤقت الموقع الحالى تاريخ الاكتساب اجمالي اﻻعارات رقم الطلب الباركود تاريخ اخر مشاهدة تاريخ تفعيل السعر نوع وعاء كوها
        مكتبة القاهرة الكبرى مكتبة القاهرة الكبرى 03/26/2014   382\M G 12038 03/26/2014 03/26/2014 كتاب

Powered By

EGPV